| 000 | 00675nam a22001817a 4500 | ||
|---|---|---|---|
| 005 | 20251106103826.0 | ||
| 008 | 251103b |||||||| |||| 00| 0 eng d | ||
| 020 | _a9786214183999 | ||
| 082 | _aDFil 363.25402 L915 2025 | ||
| 100 |
_aLotivo, Rey S. _969117 |
||
| 245 |
_aPolygraph techniques : _ba manual in lie detection with laboratory activities / _cRey S. Lotivo. |
||
| 250 | _aSecond edition. | ||
| 260 |
_aQuezon City : _bWiseman's Books Trading, Inc., _c©2025. |
||
| 300 |
_aiv, 215 pages : _billustrations ; _c26 cm. |
||
| 650 | 0 |
_aLie detectors and detection _vHandbooks, manuals, etc. _969244 |
|
| 650 | 0 |
_aLie detectors and detection. _969245 |
|
| 942 |
_2ddc _cDFIL |
||
| 999 |
_c24130 _d24130 |
||